[Event "Dortmund Sparkassen op-B"]
[Site "Dortmund"]
[Date "2013.07.29"]
[Round "3"]
[White "Dirks, Rainer"]
[Black "Kleiner, Tom"]
[Result "0-1"]
[WhiteElo "1527"]
[BlackElo "1746"]
[PlyCount "74"]
[EventDate "2013.07.27"]
[EventType "swiss"]
[EventRounds "9"]
[EventCountry "GER"]
[SourceTitle "EXT 2022"]
[Source "ChessBase"]
[SourceDate "2021.10.06"]
[SourceVersion "1"]
[SourceVersionDate "2021.10.06"]
[SourceQuality "1"]

1. e4 c5 2. d4 e6 3. Bc4 Nc6 4. dxc5 Bxc5 5. Nf3 d6 6. 0-0 Bd7 7. Be3 Bxe3 8. fxe3 Qc7 9. Nd4 Ne5 10. Bb3 Nf6 11. Nc3 a6 12. Nf3 Nfg4 13. Qe2 Nxf3+ 14. Qxf3 Ne5 15. Qh5 0-0-0 16. a4 h6 17. a5 g6 18. Qe2 h5 19. Ba4 g5 20. b4 Qxc3 21. b5 Bxb5 22. Bxb5 axb5 23. Qxb5 Qxe3+ 24. Kh1 Qc5 25. Qa4 Qc4 26. Qxc4+ Nxc4 27. Rxf7 Rd7 28. Rff1 Rhh7 29. Rfb1 Rhf7 30. a6 bxa6 31. Rxa6 Ra7 32. Rc6+ Rfc7 33. Rxc7+ Kxc7 34. Rf1 Ne3 35. Re1 Nxc2 36. Rc1 Kb6 37. h3 Ra1 0-1

[Event "Bayern-ch Seniors 25th"]
[Site "Bergen"]
[Date "2013.06.16"]
[Round "2.19"]
[White "Dirks, Rainer"]
[Black "Zehfuss, Helmut"]
[Result "0-1"]
[WhiteElo "1213"]
[BlackElo "1706"]
[PlyCount "82"]
[EventDate "2013.06.15"]
[EventType "swiss"]
[EventRounds "9"]
[EventCountry "GER"]
[SourceTitle "EXT 2022"]
[Source "ChessBase"]
[SourceDate "2021.10.06"]
[SourceVersion "1"]
[SourceVersionDate "2021.10.06"]
[SourceQuality "1"]

1. e4 c5 2. Bc4 d6 3. Nf3 Nc6 4. d4 cxd4 5. Nxd4 Nf6 6. Nc3 e6 7. 0-0 a6 8. Nxc6 bxc6 9. Re1 Qc7 10. Bf4 e5 11. Bg5 Be7 12. Bxf6 Bxf6 13. Ne2 0-0 14. Ng3 g6 15. Qf3 Bg7 16. h4 Qe7 17. h5 Be6 18. Bd3 Qg5 19. Qe2 a5 20. Qe3 Qxe3 21. Rxe3 Bh6 22. Re2 f5 23. hxg6 hxg6 24. exf5 gxf5 25. b3 Kg7 26. f3 Rae8 27. Rd1 Kf6 28. Ba6 Ke7 29. Kf2 Rh8 30. a3 Bg5 31. Bd3 Bh4 32. f4 exf4 33. Bxf5 Bxg3+ 34. Kf3 Kd7 35. Bd3 Bd5+ 36. Be4 Rxe4 37. Rxe4 Bxe4+ 38. Kxe4 Re8+ 39. Kf3 Re3+ 40. Kg4 Re2 41. c3 Rxg2 0-1

[Event "MVP-ch Seniors op 12th"]
[Site "Binz"]
[Date "2012.12.06"]
[Round "9"]
[White "Schwandowski, Udo"]
[Black "Dirks, Rainer"]
[Result "1-0"]
[WhiteElo "1449"]
[BlackElo "1220"]
[PlyCount "133"]
[EventDate "2012.11.28"]
[EventType "swiss"]
[EventRounds "9"]
[EventCountry "GER"]
[SourceTitle "EXT 2014"]
[Source "ChessBase"]
[SourceDate "2013.11.20"]
[SourceVersion "1"]
[SourceVersionDate "2013.11.20"]
[SourceQuality "1"]

1. d4 d5 2. c4 e5 3. dxe5 d4 4. Nf3 Nc6 5. a3 g6 6. e4 dxe3 7. Qxd8+ Nxd8 8. Bxe3 Nc6 9. Nc3 Bg7 10. Nd5 Kd8 11. 0-0-0 Bd7 12. Bf4 Rc8 13. b4 Nce7 14. Bg5 c6 15. Nxe7 Nxe7 16. Be3 Ke8 17. h3 Nf5 18. Bf4 Be6 19. g4 Nh6 20. Ng5 Ke7 21. Nxe6 fxe6 22. Bd3 Nf7 23. Rhe1 Rcd8 24. Kc2 Rhf8 25. Bg3 Ng5 26. Bh4 h6 27. Bxg6 Rxd1 28. Rxd1 Rf3 29. Rd3 Rxd3 30. Kxd3 Bxe5 31. Be4 Kf7 32. Bg2 Bb2 33. a4 a6 34. f4 Nh7 35. b5 axb5 36. axb5 cxb5 37. cxb5 b6 38. Bd8 Bc1 39. Bc7 Nf6 40. Bc6 Nd5 41. Bxd5 exd5 42. f5 Bb2 43. Bxb6 Be5 44. Bd4 Bd6 45. Kc3 Ke8 46. Kb3 Kf7 47. Ka4 Ke8 48. Ka5 Kd8 49. Kb6 Kc8 50. Kc6 Bf4 51. Kxd5 Kb7 52. f6 Bg5 53. Ke6 Kc7 54. b6+ Kd8 55. f7 Be7 56. Bf6 Bxf6 57. Kxf6 Kc8 58. f8Q+ Kb7 59. Qxh6 Kxb6 60. Kf7+ Kc7 61. g5 Kd7 62. Qe6+ Kc7 63. g6 Kb7 64. g7 Kc7 65. g8Q Kb7 66. Qgc8+ Ka7 67. Qea6# 1-0

[Event "MVP-ch Seniors op 12th"]
[Site "Binz"]
[Date "2012.12.02"]
[Round "5"]
[White "Ludwig, Richard"]
[Black "Dirks, Rainer"]
[Result "1-0"]
[WhiteElo "1451"]
[BlackElo "1220"]
[PlyCount "77"]
[EventDate "2012.11.28"]
[EventType "swiss"]
[EventRounds "9"]
[EventCountry "GER"]
[SourceTitle "EXT 2014"]
[Source "ChessBase"]
[SourceDate "2013.11.20"]
[SourceVersion "1"]
[SourceVersionDate "2013.11.20"]
[SourceQuality "1"]

1. e4 e5 2. Nf3 Nc6 3. Bc4 Bc5 4. c3 Nf6 5. d3 0-0 6. Nbd2 d5 7. exd5 Nxd5 8. Ne4 Bb6 9. 0-0 Bg4 10. h3 Be6 11. Bb3 Nf4 12. Bxf4 exf4 13. Bc2 f6 14. d4 Ne7 15. Re1 Bd5 16. Ned2 Qd7 17. Bb3 Bxb3 18. Qxb3+ Kh8 19. Re2 a5 20. Rae1 Ng6 21. Qc2 Rfe8 22. Nc4 Rxe2 23. Rxe2 Re8 24. Nxb6 cxb6 25. Qd2 Rf8 26. Qe1 h6 27. a3 Qd5 28. Re8 Kg8 29. Qe6+ Qxe6 30. Rxe6 b5 31. Rb6 b4 32. Rxb7 Re8 33. Kf1 bxa3 34. bxa3 Ne7 35. Rb5 Rc8 36. c4 Rd8 37. d5 Ra8 38. d6 Nf5 39. Rxf5 1-0

[Event "MVP-ch Seniors op 12th"]
[Site "Binz"]
[Date "2012.11.30"]
[Round "3"]
[White "Garbe, Eckhard"]
[Black "Dirks, Rainer"]
[Result "1-0"]
[WhiteElo "1434"]
[BlackElo "1220"]
[PlyCount "63"]
[EventDate "2012.11.28"]
[EventType "swiss"]
[EventRounds "9"]
[EventCountry "GER"]
[SourceTitle "EXT 2014"]
[Source "ChessBase"]
[SourceDate "2013.11.20"]
[SourceVersion "1"]
[SourceVersionDate "2013.11.20"]
[SourceQuality "1"]

1. d4 d5 2. Nf3 Nf6 3. Bf4 e6 4. c4 Bd6 5. Bg5 h6 6. Be3 0-0 7. cxd5 Nxd5 8. Bd2 Nc6 9. e3 e5 10. Nc3 Nxc3 11. Bxc3 Bg4 12. Be2 e4 13. Nd2 Bxe2 14. Qxe2 Re8 15. Qg4 Qg5 16. Qxg5 hxg5 17. g4 g6 18. Ke2 Bb4 19. Rac1 Bd6 20. h3 Nb4 21. Bxb4 Bxb4 22. Rxc7 Bxd2 23. Kxd2 f5 24. Rxb7 Rab8 25. Rxb8 Rxb8 26. b3 f4 27. Rc1 Rb7 28. Rc8+ Kh7 29. d5 fxe3+ 30. Kxe3 a5 31. d6 Rd7 32. Rc7 1-0

[Event "Dortmund Sparkassen op-B"]
[Site "Dortmund"]
[Date "2012.07.20"]
[Round "7"]
[White "Dirks, Rainer"]
[Black "Spyra, Renata"]
[Result "1-0"]
[WhiteElo "1223"]
[BlackElo "1445"]
[PlyCount "53"]
[EventDate "2012.07.14"]
[EventType "swiss"]
[EventRounds "9"]
[EventCountry "GER"]
[SourceTitle "EXT 2014"]
[Source "ChessBase"]
[SourceDate "2013.11.20"]
[SourceVersion "1"]
[SourceVersionDate "2013.11.20"]
[SourceQuality "1"]

1. e4 c5 2. Nf3 Nc6 3. c4 g6 4. Nc3 Bg7 5. Be2 d6 6. d3 Nf6 7. Be3 0-0 8. h3 Nd7 9. Qd2 Nce5 10. Bh6 Nxf3+ 11. Bxf3 Nf6 12. Bxg7 Kxg7 13. 0-0-0 e5 14. g4 Be6 15. g5 Ne8 16. h4 Qd7 17. h5 a6 18. Rdg1 b5 19. Nd5 Rb8 20. Nf6 Nxf6 21. gxf6+ Kh8 22. Qh6 Rg8 23. hxg6 fxg6 24. Bg4 Rbf8 25. Bxe6 Qb7 26. Bxg8 Rxg8 27. Rxg6 1-0

[Event "Bayern-ch Seniors 24nd"]
[Site "Bergen"]
[Date "2012.06.23"]
[Round "8"]
[White "Dirks, Rainer"]
[Black "Wilfert, Eva Maria"]
[Result "1/2-1/2"]
[WhiteElo "1223"]
[BlackElo "1439"]
[PlyCount "45"]
[EventDate "2012.06.16"]
[EventType "swiss"]
[EventRounds "9"]
[EventCountry "GER"]
[SourceTitle "EXT 2015"]
[Source "ChessBase"]
[SourceDate "2014.11.20"]
[SourceVersion "1"]
[SourceVersionDate "2014.11.20"]
[SourceQuality "1"]

1. e4 e6 2. Nf3 b6 3. Nc3 Bb7 4. Be2 Bb4 5. d4 Bxc3+ 6. bxc3 Bxe4 7. 0-0 Bb7 8. Qd3 Ne7 9. h4 d6 10. h5 h6 11. Bb2 Qd7 12. c4 0-0 13. Nh4 f5 14. Qg3 Qe8 15. d5 e5 16. f4 Nd7 17. fxe5 Nxe5 18. Bxe5 dxe5 19. Qxe5 Qd7 20. Qe6+ Qxe6 21. dxe6 Bc8 22. Rfe1 Bxe6 23. Bf3 1/2-1/2

[Event "Bayern-ch Seniors 24nd"]
[Site "Bergen"]
[Date "2012.06.17"]
[Round "2"]
[White "Nefzger, Franz"]
[Black "Dirks, Rainer"]
[Result "0-1"]
[WhiteElo "1525"]
[BlackElo "1223"]
[PlyCount "80"]
[EventDate "2012.06.16"]
[EventType "swiss"]
[EventRounds "9"]
[EventCountry "GER"]
[SourceTitle "EXT 2015"]
[Source "ChessBase"]
[SourceDate "2014.11.20"]
[SourceVersion "1"]
[SourceVersionDate "2014.11.20"]
[SourceQuality "1"]

1. c4 e5 2. Nc3 c5 3. g3 Nf6 4. Nf3 Nc6 5. Bg2 Rb8 6. 0-0 Be7 7. Ne1 d6 8. Nc2 a6 9. Ne3 0-0 10. d3 Nd4 11. Ned5 Nxd5 12. Nxd5 Be6 13. Nc3 b5 14. e3 Nf5 15. b3 Bf6 16. Rb1 b4 17. Ne2 d5 18. cxd5 Bxd5 19. e4 Nh4 20. gxh4 Be6 21. Be3 Rc8 22. Rc1 Qe7 23. Ng3 Bxh4 24. Qh5 Rfd8 25. Rfd1 Bf6 26. Bh3 g6 27. Qf3 Bxh3 28. Nh5 gxh5 29. Qxh3 h4 30. Kh1 Kh8 31. Rg1 Rxd3 32. Qxc8+ Rd8 33. Qxc5 Qe6 34. Qxb4 Qh3 35. Qe1 Qf3+ 36. Rg2 h3 37. Qf1 Rg8 38. Bg5 Rxg5 39. Rc8+ Kg7 40. Rc3 hxg2+ 0-1

[Event "Bayern-ch Seniors 23rd"]
[Site "Bergen"]
[Date "2011.06.04"]
[Round "8"]
[White "Dirks, Rainer"]
[Black "Jurgan, Brigitte"]
[Result "0-1"]
[WhiteElo "1103"]
[BlackElo "1238"]
[PlyCount "80"]
[EventDate "2011.05.28"]
[EventType "swiss"]
[EventRounds "9"]
[EventCountry "GER"]
[SourceTitle "EXT 2012"]
[Source "ChessBase"]
[SourceDate "2011.11.24"]
[SourceVersion "1"]
[SourceVersionDate "2011.11.24"]
[SourceQuality "1"]

1. e4 Nc6 2. Nf3 e5 3. Be2 d6 4. Nc3 Nf6 5. d4 exd4 6. Nxd4 Nxd4 7. Qxd4 Be7 8. e5 dxe5 9. Qxd8+ Bxd8 10. f4 exf4 11. Bxf4 c6 12. 0-0-0 0-0 13. Bd3 Re8 14. h3 Bb6 15. g4 Nd5 16. Nxd5 cxd5 17. g5 Be6 18. h4 g6 19. Rd2 Bg4 20. Rdh2 Bh5 21. Rd2 d4 22. Rf1 Rad8 23. Rdf2 a6 24. Bg3 Re7 25. Bc4 Rdd7 26. Bb3 d3 27. Rf6 Be3+ 28. Kb1 d2 29. c3 d1Q+ 30. Bxd1 Bxd1 31. Bd6 Be2 32. Bxe7 Bxf1 33. Rxf1 Rxe7 34. Re1 Bc5 35. Rh1 Kg7 36. a4 b5 37. axb5 axb5 38. Kc2 Rd7 39. Kb3 Rd3 40. Kc2 Rd7 0-1

[Event "Hessen-ch Seniors op 07th"]
[Site "Bad Sooden-Allendorf"]
[Date "2011.05.06"]
[Round "7"]
[White "Dirks, Rainer"]
[Black "Luebbers, Doris"]
[Result "1/2-1/2"]
[WhiteElo "1203"]
[BlackElo "1369"]
[PlyCount "52"]
[EventDate "2011.04.30"]
[EventType "swiss"]
[EventRounds "9"]
[EventCountry "GER"]
[SourceTitle "EXT 2012"]
[Source "ChessBase"]
[SourceDate "2011.11.24"]
[SourceVersion "1"]
[SourceVersionDate "2011.11.24"]
[SourceQuality "1"]

1. e4 c5 2. Nf3 d6 3. Nc3 Nf6 4. Be2 e6 5. d3 Be7 6. 0-0 0-0 7. e5 dxe5 8. Nxe5 Qc7 9. Nf3 b6 10. Nb5 Qd8 11. Ne5 a6 12. Nc3 Bb7 13. Bf3 Bxf3 14. Qxf3 Ra7 15. Bf4 Nd5 16. Nxd5 exd5 17. Ng4 Nc6 18. c3 Bg5 19. Rfe1 Bxf4 20. Qxf4 Ne7 21. Rad1 Ng6 22. Qd2 Re8 23. Rxe8+ Qxe8 24. Ne3 Qd7 25. Re1 Ra8 26. Qe2 Rd8 1/2-1/2

[Event "Hessen-ch Seniors op 07th"]
[Site "Bad Sooden-Allendorf"]
[Date "2011.05.01"]
[Round "2"]
[White "Strozewski, Guenter"]
[Black "Dirks, Rainer"]
[Result "1-0"]
[WhiteElo "1537"]
[BlackElo "1203"]
[PlyCount "53"]
[EventDate "2011.04.30"]
[EventType "swiss"]
[EventRounds "9"]
[EventCountry "GER"]
[SourceTitle "EXT 2012"]
[Source "ChessBase"]
[SourceDate "2011.11.24"]
[SourceVersion "1"]
[SourceVersionDate "2011.11.24"]
[SourceQuality "1"]

1. e4 e5 2. Nf3 Nf6 3. Nc3 d5 4. exd5 Nxd5 5. Bc4 Nxc3 6. bxc3 Bg4 7. Bxf7+ Kxf7 8. Nxe5+ Ke8 9. Qxg4 Qe7 10. Qc8+ Qd8 11. Qxb7 Nd7 12. Nxd7 Kxd7 13. 0-0 Bd6 14. Qf3 Qg5 15. Qh3+ Kc6 16. d4 Qa5 17. c4 Bb4 18. Qf3+ Kd7 19. Qf7+ Kc6 20. d5+ Kb7 21. Rb1 Raf8 22. Qd7 Kb8 23. Bd2 c5 24. c3 Qxa2 25. cxb4 Qa6 26. bxc5+ Ka8 27. c6 1-0

[Event "Mecklenburg VP-ch Seniors op 09th"]
[Site "Binz"]
[Date "2009.12.08"]
[Round "8.60"]
[White "Kohn, Friedrich"]
[Black "Dirks, Rainer"]
[Result "1/2-1/2"]
[WhiteElo "1429"]
[BlackElo "1149"]
[PlyCount "55"]
[EventDate "2009.12.01"]
[EventType "swiss"]
[EventRounds "9"]
[EventCountry "GER"]
[SourceTitle "EXT 2022"]
[Source "ChessBase"]
[SourceDate "2021.10.06"]
[SourceVersion "1"]
[SourceVersionDate "2021.10.06"]
[SourceQuality "1"]

1. e4 e5 2. f4 f5 3. fxe5 Qh4+ 4. g3 Qxe4+ 5. Qe2 Qxc2 6. Nc3 Bb4 7. Nf3 Bxc3 8. bxc3 Qe4 9. Qxe4 fxe4 10. Ng5 Nc6 11. Nxe4 Nxe5 12. Be2 b6 13. d4 Bb7 14. 0-0 Bxe4 15. dxe5 Ne7 16. c4 0-0-0 17. Bg5 Rde8 18. Rf4 Bb7 19. Bxe7 Rxe7 20. Raf1 Ree8 21. Bg4 Bc6 22. Rf7 Kd8 23. Re1 b5 24. c5 g6 25. e6 Re7 26. Rxe7 Kxe7 27. exd7+ Kd8 28. Re3 1/2-1/2

[Event "Mecklenburg VP-ch Seniors op 09th"]
[Site "Binz"]
[Date "2009.12.07"]
[Round "7.60"]
[White "Dirks, Rainer"]
[Black "Koehler, Marianne"]
[Result "1/2-1/2"]
[WhiteElo "1149"]
[BlackElo "1415"]
[PlyCount "85"]
[EventDate "2009.12.01"]
[EventType "swiss"]
[EventRounds "9"]
[EventCountry "GER"]
[SourceTitle "EXT 2022"]
[Source "ChessBase"]
[SourceDate "2021.10.06"]
[SourceVersion "1"]
[SourceVersionDate "2021.10.06"]
[SourceQuality "1"]

1. e4 e6 2. Nf3 d5 3. exd5 exd5 4. d4 Bd6 5. Nc3 c6 6. Bd3 Ne7 7. Ne2 Qc7 8. g3 h6 9. Nh4 g5 10. Nf3 Bg4 11. Neg1 Qc8 12. h3 Qe6+ 13. Qe2 Qxe2+ 14. Bxe2 Bf5 15. c3 Nd7 16. h4 g4 17. Nd2 h5 18. Nb3 Be4 19. f3 Bxg3+ 20. Kd1 gxf3 21. Bxf3 Ng6 22. Bxe4 dxe4 23. Ne2 Bxh4 24. Nf4 Bg5 25. Nxg6 fxg6 26. Bxg5 Rf8 27. Ke2 Rf5 28. Be3 Nf6 29. Raf1 b6 30. Rxf5 gxf5 31. Bg5 Kf7 32. Bxf6 Kxf6 33. Rxh5 Rg8 34. Kf2 f4 35. Rh6+ Rg6 36. Rxg6+ Kxg6 37. c4 Kf5 38. d5 cxd5 39. cxd5 Ke5 40. Ke2 Kxd5 41. Nd2 Kd4 42. Nb3+ Kc4 43. Nd2+ 1/2-1/2

[Event "Mecklenburg VP-ch Seniors op 09th"]
[Site "Binz"]
[Date "2009.12.05"]
[Round "5.62"]
[White "Dirks, Rainer"]
[Black "Hartlaub, Marianne"]
[Result "0-1"]
[WhiteElo "1149"]
[BlackElo "1442"]
[PlyCount "103"]
[EventDate "2009.12.01"]
[EventType "swiss"]
[EventRounds "9"]
[EventCountry "GER"]
[SourceTitle "EXT 2022"]
[Source "ChessBase"]
[SourceDate "2021.10.06"]
[SourceVersion "1"]
[SourceVersionDate "2021.10.06"]
[SourceQuality "1"]

1. e4 d6 2. d4 Nf6 3. Nc3 c6 4. Be2 Qa5 5. Nf3 Nxe4 6. Qd3 Bf5 7. Bd2 Nxd2 8. Qxd2 e5 9. dxe5 dxe5 10. 0-0 Nd7 11. Rad1 Bb4 12. Rfe1 Bxc3 13. Qxc3 Qxc3 14. bxc3 Bxc2 15. Rd2 Bf5 16. Bd3 Bxd3 17. Rxd3 f6 18. Nd2 0-0-0 19. Ne4 Rhf8 20. Red1 Kc7 21. g3 Nb6 22. Nc5 Rxd3 23. Rxd3 Rf7 24. Ne6+ Kb8 25. a4 a5 26. Nc5 Ka7 27. Kg2 Nd5 28. Kf3 Kb6 29. Ne4 Re7 30. Nd6 Kc7 31. Nf5 Rd7 32. c4 Nb6 33. Rxd7+ Kxd7 34. Nxg7 Nxa4 35. Ke4 Ke7 36. Nf5+ Kd7 37. Ne3 Ke6 38. Kd3 f5 39. Kc2 Nc5 40. h4 h5 41. Kc3 Ne4+ 42. Kb3 Nxf2 43. Ka4 b6 44. c5 bxc5 45. Kxa5 Ne4 46. Nf1 Kd6 47. Ka4 c4 48. Kb4 c3 49. Kb3 Nd2+ 50. Nxd2 cxd2 51. Kc2 Kd5 52. Kxd2 0-1

[Event "Mecklenburg VP-ch Seniors op 09th"]
[Site "Binz"]
[Date "2009.12.04"]
[Round "4.55"]
[White "Assmann, Hans"]
[Black "Dirks, Rainer"]
[Result "1-0"]
[WhiteElo "1563"]
[BlackElo "1149"]
[PlyCount "163"]
[EventDate "2009.12.01"]
[EventType "swiss"]
[EventRounds "9"]
[EventCountry "GER"]
[SourceTitle "EXT 2022"]
[Source "ChessBase"]
[SourceDate "2021.10.06"]
[SourceVersion "1"]
[SourceVersionDate "2021.10.06"]
[SourceQuality "1"]

1. e4 e5 2. Nf3 Nf6 3. Nc3 Bb4 4. a3 Bxc3 5. dxc3 0-0 6. Bg5 Nc6 7. Bd3 d5 8. Nd2 d4 9. c4 Qd7 10. Bxf6 gxf6 11. h3 Kh8 12. Nf1 Rg8 13. Ng3 Qd6 14. Qf3 Ne7 15. b4 b6 16. c5 Qe6 17. Nf5 bxc5 18. bxc5 Nxf5 19. exf5 Qe7 20. c6 Qc5 21. 0-0 Rb8 22. Rfc1 Rb6 23. Be4 Ba6 24. Qh5 Rg7 25. Qh6 Qe7 26. a4 Rb8 27. Qd2 Rbg8 28. Qa5 Bc8 29. g3 a6 30. Re1 Rd8 31. Kh2 Rg5 32. g4 h5 33. f3 hxg4 34. fxg4 Kg7 35. Rg1 Kf8 36. Qd2 Qc5 37. Rg3 Ke7 38. Qg2 a5 39. Qd2 Ba6 40. h4 Rgg8 41. g5 fxg5 42. hxg5 Bc4 43. f6+ Kd6 44. c3 Bd5 45. cxd4 Qxd4 46. Qxd4 exd4 47. Bxd5 Kxd5 48. Kg2 Rb8 49. Rf1 Rb2+ 50. Kh3 Rh8+ 51. Kg4 Rb4 52. Rf5+ Kxc6 53. Rxa5 d3+ 54. Kf3 Rb3 55. Rg1 d2+ 56. Kg2 Re8 57. Rf5 Rb2 58. Rd1 Rc2 59. Rf2 Rd8 60. Kf1 Rc1 61. Ke2 Rc2 62. Rf3 Re8+ 63. Re3 Rd8 64. Re7 Rc1 65. Rxf7 Rxd1 66. Kxd1 Kd6 67. Rh7 c5 68. Kxd2 Ke5+ 69. Kc3 Kf5 70. Rg7 Ra8 71. Kc4 Rxa4+ 72. Kxc5 Ra8 73. Kd6 Re8 74. Kd7 Ra8 75. Ke7 Ra7+ 76. Kf8 Ra8+ 77. Kf7 Ra7+ 78. Kg8 Ra8+ 79. Kh7 Rf8 80. f7 Ke6 81. g6 Ke7 82. Rg8 1-0

[Event "Dortmund op-B"]
[Site "Dortmund"]
[Date "2009.07.06"]
[Round "3"]
[White "Dirks, Rainer"]
[Black "Koenig, Udo"]
[Result "0-1"]
[WhiteElo "1165"]
[BlackElo "1828"]
[PlyCount "136"]
[EventDate "2009.07.04"]
[EventType "swiss"]
[EventRounds "9"]
[EventCountry "GER"]
[SourceTitle "EXT 2012"]
[Source "ChessBase"]
[SourceDate "2011.11.24"]
[SourceVersion "1"]
[SourceVersionDate "2011.11.24"]
[SourceQuality "1"]

1. d4 d5 2. c4 e6 3. Nf3 c5 4. e3 Nc6 5. Bd3 Nf6 6. 0-0 cxd4 7. exd4 Be7 8. Be3 0-0 9. Qc2 Nb4 10. Qc3 Nxd3 11. Qxd3 b6 12. Nbd2 Bb7 13. Bg5 h6 14. Bxf6 Bxf6 15. Ne5 dxc4 16. Ndxc4 b5 17. Qb3 Qd5 18. Ne3 Qxd4 19. Qxb5 Bxe5 20. Qxb7 Rab8 21. Qf3 Rxb2 22. Rfd1 Qa4 23. a3 Rb3 24. Rac1 Qxa3 25. Qc6 Rc3 26. Rxc3 Qxc3 27. Qxc3 Bxc3 28. Nc4 Rc8 29. Ne3 Bb4 30. g4 a5 31. Ra1 Rc3 32. Kf1 f6 33. Ke2 Kf7 34. h4 g6 35. f3 Ke7 36. Nd1 Rc7 37. Kd3 Rd7+ 38. Kc4 Rd2 39. Ne3 Rf2 40. Rf1 Rxf1 41. Nxf1 Kd6 42. Ne3 Ke5 43. Ng2 f5 44. g5 hxg5 45. hxg5 Bd2 46. Nh4 Kf4 47. Nxg6+ Kxg5 48. Nf8 Kf6 49. Nd7+ Kg5 50. Kb5 Kf4 51. Nc5 e5 52. Nd3+ Kxf3 53. Nxe5+ Ke4 54. Nc4 Bb4 55. Nb2 f4 56. Nd1 f3 57. Nf2+ Ke3 58. Ng4+ Ke2 59. Ka4 f2 60. Nxf2 Kxf2 61. Kb3 Ke2 62. Ka4 Kd2 63. Kb3 Bc3 64. Ka4 Kc2 65. Ka3 Kb1 66. Kb3 Bd4 67. Kc4 Ka2 68. Kb5 Bc3 0-1

[Event "Bayern-ch Seniors 21st"]
[Site "Bergen"]
[Date "2009.06.20"]
[Round "1"]
[White "Dirks, Rainer"]
[Black "Holiga, Friedrich"]
[Result "0-1"]
[WhiteElo "1192"]
[BlackElo "1740"]
[PlyCount "83"]
[EventDate "2009.06.20"]
[EventType "swiss"]
[EventRounds "9"]
[EventCountry "GER"]
[SourceTitle "EXT 2015"]
[Source "ChessBase"]
[SourceDate "2014.11.20"]
[SourceVersion "1"]
[SourceVersionDate "2014.11.20"]
[SourceQuality "1"]

1. e4 d5 2. exd5 Nf6 3. c4 c6 4. Nf3 cxd5 5. Be2 dxc4 6. Bxc4 Nc6 7. 0-0 a6 8. d4 b5 9. d5 Na5 10. Bb3 Nxb3 11. axb3 Qxd5 12. Bd2 Bg4 13. Nc3 Qd3 14. Ne5 Bxd1 15. Nxd3 Bxb3 16. Nc5 Bc4 17. Rfe1 a5 18. b3 e6 19. bxc4 Bxc5 20. Nxb5 0-0 21. Rxa5 Rxa5 22. Bxa5 Ng4 23. Re2 Ra8 24. Bc3 Ra4 25. Rd2 f6 26. h3 Nxf2 27. Rxf2 Rxc4 28. Kf1 Bxf2 29. Kxf2 Rc5 30. Bxf6 Rxb5 31. Bc3 e5 32. Ke2 Kf7 33. Kd3 Ke6 34. Kc4 Rb1 35. Kd3 Kd5 36. Ke2 g6 37. Kf2 Ke4 38. g4 Rb3 39. Ba1 Rxh3 40. Kg2 Ra3 41. Bxe5 Kxe5 42. g5 0-1